[Event "TCh-SVK Extraliga 2011-12"]
[Site "Slovakia SVK"]
[Date "2012.03.09"]
[Round "9.6"]
[White "Salai,L"]
[Black "Bednar,Mil"]
[Result "1-0"]
[WhiteElo "2355"]
[BlackElo "2272"]

1.e4 c5 2.Nc3 e6 3.Nf3 a6 4.d4 cxd4 5.Nxd4 Qc7 6.Be2 Nc6 7.O-O Nxd4 8.Qxd4 Bd6
9.Kh1 Be5 10.Qd3 Ne7 11.f4 Bxc3 12.bxc3 d5 13.exd5 Nxd5 14.Bf3 O-O 15.Bxd5 exd5
16.f5 Qc4 17.f6 Qxd3 18.cxd3 gxf6 19.Bh6 Re8 20.Rf3 Re6 21.Rg3+ Kh8 22.Bg7+ Kg8
23.Bh6+ Kh8 24.Bg7+ Kg8 25.Bxf6+ Kf8 26.Rf1 b5 27.Rg5 Ra7 28.Bg7+ Ke7 29.Bd4 Rd7
30.h4 h6 31.Rgf5 Kd8 32.Rxf7 Kc7 33.Rf8 Rd8 34.R8f7+ Kd6 35.h5 Rg8 36.Bg7 Bd7
37.g4 Re7 38.Bf8 Rxf8 39.Rxf8 Bxg4 40.R1f6+  1-0

[Event "ch-CZE U20 2012"]
[Site "Kouty nad Desnou CZE"]
[Date "2012.03.10"]
[Round "2"]
[White "Kriebel,T"]
[Black "Kratochvil,Jo"]
[Result "1-0"]
[WhiteElo "2333"]
[BlackElo "2236"]

1.e4 c5 2.Nf3 e6 3.d4 cxd4 4.Nxd4 a6 5.Nc3 Qc7 6.Be2 b5 7.O-O Bb7 8.Bf3 Nc6
9.Re1 Nxd4 10.Qxd4 Ne7 11.Bg5 Nc6 12.Nd5 Qb8 13.Qc3 b4 14.Qd2 Bc5 15.Rad1 d6
16.Be3 exd5 17.exd5 Ne5 18.Bxc5 O-O 19.Rxe5 dxc5 20.Re7 Ra7 21.Rde1 Bc8 22.d6 Be6
23.Bd5 Qxd6 24.R7xe6  1-0

[Event "Reykjavik Open"]
[Site "Reykjavik ISL"]
[Date "2012.03.10"]
[Round "5.23"]
[White "Olafsson,Thorv"]
[Black "Hunt,A"]
[Result "0-1"]
[WhiteElo "2147"]
[BlackElo "2454"]

1.e4 c5 2.Nf3 e6 3.d4 cxd4 4.Nxd4 a6 5.Nc3 Qc7 6.Bd3 Bc5 7.Nb3 Be7 8.f4 d6
9.Qf3 Nd7 10.Be3 Ngf6 11.g4 g6 12.h4 b5 13.g5 Nh5 14.Ne2 Bb7 15.Ng3 Nxg3
16.Qxg3 Nc5 17.Nd2 O-O-O 18.Bd4 Rhf8 19.Bg7 Rg8 20.Bc3 d5 21.Be5 Qc6 22.exd5 Rxd5
23.Rh3 Rgd8 24.Nb3 Nxd3+ 25.cxd3 Bb4+ 26.Kf1 Rxd3  0-1

[Event "Reykjavik Open"]
[Site "Reykjavik ISL"]
[Date "2012.03.10"]
[Round "5.11"]
[White "Moen,A"]
[Black "Papin,V"]
[Result "0-1"]
[WhiteElo "2360"]
[BlackElo "2575"]

1.e4 c5 2.Nf3 e6 3.d4 cxd4 4.Nxd4 a6 5.Nc3 Qc7 6.Bd3 Bc5 7.Nb3 Be7 8.Qg4 g6
9.Qe2 d6 10.h4 Nd7 11.h5 Ngf6 12.hxg6 fxg6 13.Bh6 b5 14.Nd4 Ne5 15.f4 Nf7
16.Bg7 Rg8 17.Bxf6 Bxf6 18.e5 dxe5 19.Ne4 Bg7 20.fxe5 Qxe5 21.O-O-O Bd7 22.c3 b4
23.Qf3 Ke7 24.Rxh7 bxc3 25.Nxc3 Rab8 26.Bxa6 Rb6 27.Bb5 Ng5 28.Rxg7+ Rxg7
29.Qd3 Qf4+ 30.Rd2 Rd6 31.Bxd7 Rxd7 32.Kc2 Kf8 33.Qc4 Kg8 34.a4 Rgf7 35.a5 e5
36.Qc8+ Kg7 37.Ne6+ Nxe6 38.Rxd7 Nd4+ 39.Rxd4 exd4 40.a6 Rc7  0-1

[Event "Zagreb Open A"]
[Site "Zagreb CRO"]
[Date "2012.03.10"]
[Round "7.17"]
[White "Zelic,Z"]
[Black "Loncar,R"]
[Result "1-0"]
[WhiteElo "2404"]
[BlackElo "2410"]

1.e4 c5 2.Nf3 e6 3.d4 cxd4 4.Nxd4 a6 5.Nc3 b5 6.Be2 Bb7 7.Bf3 d6 8.O-O Nd7
9.a4 bxa4 10.Re1 Ne5 11.Be2 Nf6 12.f4 Nc6 13.Rxa4 Be7 14.Kh1 O-O 15.Be3 Qb8
16.Bf3 Rd8 17.Qa1 Nxd4 18.Bxd4 e5 19.Be3 Qc8 20.Qa2 Bc6 21.Rc4 Qb7 22.fxe5 dxe5
23.Qa5 Bd6 24.Qb6 Qxb6 25.Bxb6 Rdc8 26.Rd1 Bf8 27.Ba5 Rab8 28.b3 h5 29.h3 g6
30.Rd2 h4 31.Bg4 Nxg4 32.hxg4 Be7 33.Nd5 Bg5 34.Re2 Bxd5 35.exd5 Rxc4 36.bxc4 Rb1+
37.Re1 Rxe1+ 38.Bxe1 Be3 39.Bxh4 g5 40.Be1 Bc5 41.g3 Kf8 42.Ba5 Ke8 43.Kg2 e4
44.c3 Kd7 45.Bb4 Bd6 46.Kf2 Bc7 47.Ke3 a5 48.Ba3 Bxg3 49.Kxe4 Be1 50.Kd3 Bf2
51.c5 a4 52.Ke4  1-0

[Event "36th Blackpool Open"]
[Site "Blackpool ENG"]
[Date "2012.03.11"]
[Round "5"]
[White "Eggleston,D"]
[Black "Jackson,O"]
[Result "1-0"]
[WhiteElo "2327"]
[BlackElo "2192"]

1.e4 c5 2.Nf3 e6 3.d4 cxd4 4.Nxd4 a6 5.Nc3 Qc7 6.Bd3 Nf6 7.O-O d6 8.f4 Nbd7
9.g4 h6 10.Qf3 Be7 11.Qh3 Nc5 12.g5 Nfd7 13.g6 O-O 14.f5 fxg6 15.fxe6 Rxf1+
16.Bxf1 Nf6 17.Nd5 Qd8 18.Bd3 Nfxe4 19.Bxe4 Nxe4 20.Qg2 Ng5 21.Bxg5 Bxg5
22.Rf1 Qe8 23.e7 Bf5 24.Nxf5 gxf5 25.Nc7 Qxe7 26.Nxa8 Be3+ 27.Kh1 f4 28.Qd5+ Kh8
29.a4 b6 30.b4 Qh4 31.Nc7 Bf2 32.Ne6 Bg3 33.Qa8+  1-0

[Event "European Ind w 2012"]
[Site "Gaziantep TUR"]
[Date "2012.03.11"]
[Round "9"]
[White "Charochkina,D"]
[Black "Muzychuk,M"]
[Result "0-1"]
[WhiteElo "2371"]
[BlackElo "2490"]

1.e4 c5 2.Nf3 e6 3.d4 cxd4 4.Nxd4 a6 5.Nc3 Qc7 6.Bd3 Nc6 7.Nxc6 dxc6 8.f4 e5
9.f5 Nf6 10.Qf3 b5 11.g4 Bb7 12.g5 Nd7 13.Be3 Bb4 14.a4 Nb6 15.O-O Bxc3 16.bxc3 Nxa4
17.c4 O-O-O 18.f6 g6 19.Qf2 Qd7 20.Rxa4 bxa4 21.c5 Qg4+ 22.Kh1 Rxd3 23.cxd3 Rd8
24.Qb2 a3 25.Qd2 Qe6 26.Qc3 a2 27.Bf2 a5 28.Bg3 Rd4 29.Ra1 a4 30.Bf2 Rd8
31.Bg3 Ba6 32.Qxe5 Qxe5 33.Bxe5 Bxd3 34.Rxa2 Bxe4+ 35.Kg1 Rd5 36.Bf4 Rd8
37.Be5 Rd5 38.Bf4 Rd4 39.Rb2 Bd5 40.Bg3 a3 41.Rb8+ Kd7 42.Ra8 a2 43.Kf2 Ke6
44.Ke2 Kf5 45.h4 Bc4+  0-1

[Event "European Ind w 2012"]
[Site "Gaziantep TUR"]
[Date "2012.03.11"]
[Round "9"]
[White "Szczepkowska Horowska,K"]
[Black "Javakhishvili,L"]
[Result "0-1"]
[WhiteElo "2369"]
[BlackElo "2448"]

1.e4 c5 2.Nf3 e6 3.d4 cxd4 4.Nxd4 a6 5.Nc3 Qc7 6.Be2 Nf6 7.O-O d6 8.Be3 Be7
9.f4 b5 10.Bf3 Bb7 11.e5 dxe5 12.Bxb7 exd4 13.Bxa8 dxe3 14.Qe2 O-O 15.Kh1 Nbd7
16.Bf3 Qxf4 17.Rad1 Nb6 18.Rd3 Bc5 19.Bb7 Qe5 20.Bxa6 b4 21.Nd1 Nfd5 22.Bb7 f5
23.Bxd5 Nxd5 24.Rf3 f4 25.c3 g5 26.h3 h5 27.cxb4 Bxb4 28.Rf1 Kg7 29.Rb3 Rf7
30.Nc3 Bxc3 31.bxc3 Nxc3 32.Qb2 e2 33.Re1 f3 34.gxf3 Rxf3 35.Rxc3 Rxc3 36.Rxe2 Rxh3+
37.Kg1 Qxb2 38.Rxb2 Ra3 39.Re2 Kf6 40.Rf2+ Kg6 41.Re2 e5 42.Kg2 Kf5 43.Rf2+ Kg4
44.Re2 Kh4 45.Kg1 g4 46.Rxe5 Rxa2 47.Rb5 g3 48.Rc5 Kg4 49.Rb5 h4 50.Rb4+ Kh3
51.Rb1 Ra4 52.Rc1 Kg4 53.Rb1 h3 54.Kh1 h2 55.Kg2 Ra2+ 56.Kh1 Kh3  0-1

[Event "Reykjavik Open"]
[Site "Reykjavik ISL"]
[Date "2012.03.11"]
[Round "6.10"]
[White "Akshayraj,K"]
[Black "Papin,V"]
[Result "1-0"]
[WhiteElo "2422"]
[BlackElo "2575"]

1.e4 c5 2.Nf3 e6 3.Nc3 a6 4.d4 cxd4 5.Nxd4 Qc7 6.Bd3 Bc5 7.Nb3 Be7 8.Qe2 d6
9.Bd2 Nc6 10.f4 Nf6 11.g4 h6 12.h4 b5 13.O-O-O b4 14.Na4 h5 15.gxh5 Nxh5
16.Qf2 Rb8 17.Kb1 Bd7 18.Be3 Bd8 19.Rhg1 e5 20.Bc4 Rf8 21.Qf3 Nxf4 22.Rxg7 Bf6
23.Rh7 Nd8 24.Nac5 dxc5 25.Nxc5 Bb5 26.Bxb5+ Rxb5 27.Nd7 Qxd7 28.Rxd7 Kxd7
29.Rh6 Ke7 30.Qf2 Rh8 31.Bxf4 exf4 32.Qa7+ Nb7 33.Rxf6 Kxf6 34.Qxa6+ Nd6
35.Qxd6+ Kg7 36.Qxf4 Re8 37.b3 Rbe5 38.Qg4+ Kh7 39.h5 R8e7 40.Kb2 Rxe4 41.Qg5 R4e5
42.Qf6 R5e6 43.Qf5+ Kh6 44.Qf4+ Kxh5 45.Qxb4 f5 46.Qf4 Rf6 47.a4 Re4 48.Qf3+ Kg5
49.a5 Rfe6 50.Qg3+ Kf6 51.Qd3 Ke7 52.a6 Rd6 53.Qb5 Kf6 54.a7  1-0

[Event "ch-Moscow Final 2012"]
[Site "Moscow RUS"]
[Date "2012.03.12"]
[Round "3"]
[White "Krivoborodov,E"]
[Black "Dvalishvili,P"]
[Result "1/2-1/2"]
[WhiteElo "2514"]
[BlackElo "2406"]

1.e4 c5 2.Nf3 e6 3.d4 cxd4 4.Nxd4 a6 5.Nc3 b5 6.Bd3 Bb7 7.O-O Ne7 8.Re1 Nbc6
9.Nf3 Ng6 10.e5 b4 11.Bxg6 bxc3 12.Be4 cxb2 13.Bxb2 Na5 14.Rb1 Be7 15.Bd3 Bd5
16.Bd4 Rb8 17.Qe2 Nc6 18.Rxb8 Qxb8 19.Ba1 Nb4 20.Bxa6 Nxa6 21.Qxa6 O-O 22.c4 Bb7
23.Qb5 Qa8 24.Qxd7 Bb4 25.Rd1 Bxf3 26.gxf3 Qxa2 27.Qd3 Rc8 28.Bc3 Bf8 29.Ra1 Qb3
30.Rb1 Qa2 31.Ra1 Qb3 32.Rb1 Qa2 33.Ra1  1/2-1/2

[Event "Reykjavik Open"]
[Site "Reykjavik ISL"]
[Date "2012.03.12"]
[Round "8.13"]
[White "Moen,A"]
[Black "Kveinys,A"]
[Result "1/2-1/2"]
[WhiteElo "2360"]
[BlackElo "2512"]

1.e4 c5 2.Nf3 e6 3.d4 cxd4 4.Nxd4 a6 5.Nc3 Qc7 6.Bd3 Nf6 7.f4 d6 8.Qf3 g6
9.g4 Bg7 10.g5 Nfd7 11.Be3 Nc6 12.Qf2 b5 13.f5 Bxd4 14.Bxd4 Nde5 15.O-O-O Rb8
16.Rhf1 Nxd4 17.Qxd4 b4 18.Ne2 Qb6 19.Bc4 Qxd4 20.Rxd4 exf5 21.exf5 Bxf5
22.Ng3 Bh3 23.Rf6 Rb6 24.Ne4 Ke7 25.Nxd6 Rxd6 26.Rfxd6 Nxc4 27.Rxa6 Rc8 28.Ra4 Bf5
29.Rxb4 Ne5 30.Rb7+ Kf8 31.c3 Nf3 32.Rdb4 Ne1 33.R4b6 Rc4 34.Rf6 Nd3+ 35.Kd2 Ne5
36.Rb4 Rc7 37.a4 Nf3+ 38.Ke3 Nxg5 39.Rfb6 Re7+ 40.Kf2 Ne4+ 41.Kg2 Nd2 42.Kf2 Bd3
43.Rb8+ Kg7 44.Rd8 Re2+ 45.Kg3 Re3+ 46.Kf2 Re2+ 47.Kg3 Re3+ 48.Kf2 Re2+  1/2-1/2

[Event "Reykjavik Open"]
[Site "Reykjavik ISL"]
[Date "2012.03.12"]
[Round "8.82"]
[White "Brynjarsson,E"]
[Black "Thorsteinsdottir,G"]
[Result "0-1"]
[WhiteElo "1638"]
[BlackElo "2085"]

1.e4 c5 2.Nf3 e6 3.d4 cxd4 4.Nxd4 a6 5.Nc3 Qc7 6.Bd3 Nf6 7.Nb3 Bd6 8.h3 b5
9.O-O b4 10.Ne2 Bb7 11.f3 Qb6+ 12.Kh1 h5 13.Bg5 Nc6 14.f4 Ng4 15.Qe1 f6 16.Bh4 O-O-O
17.Qg3 g5 18.hxg4 hxg4 19.Qf2 Qxf2 20.Rxf2 Rxh4+ 21.Kg1 Rdh8 22.Rff1 Rh1+
23.Kf2 Rxf1+ 24.Rxf1 gxf4 25.Nxf4  0-1

[Event "Nis Open 2012"]
[Site "Nis SRB"]
[Date "2012.03.13"]
[Round "3"]
[White "Iliev,Di"]
[Black "Miljkovic,Mir1"]
[Result "0-1"]
[WhiteElo "2144"]
[BlackElo "2475"]

1.e4 c5 2.Nf3 e6 3.d4 cxd4 4.Nxd4 a6 5.Nc3 b5 6.g3 Bb7 7.Bg2 Nf6 8.Bg5 Be7
9.a3 d6 10.O-O Qb6 11.Re1 O-O 12.Nb3 Nbd7 13.Be3 Qc7 14.f4 Rad8 15.Qe2 Nb6
16.Na5 Ba8 17.Qf2 Nbd7 18.Nb3 Ng4 19.Qe2 Nxe3 20.Qxe3 Nb6 21.Bf1 d5 22.exd5 Nxd5
23.Nxd5 Bxd5 24.Nd4 Ba8 25.c3 Qb7 26.Re2 Qh1+ 27.Kf2 Qxh2+ 28.Ke1 Qh5 29.Rd1 Bf6
30.Bg2 Bxg2 31.Rxg2 e5 32.fxe5 Rfe8 33.Nf3 Rxd1+ 34.Kxd1 Rxe5 35.Qf4 h6 36.g4 Rd5+
37.Ke2 Qg6 38.Nd4 Bxd4 39.cxd4 Qc2+ 40.Kf3 Qd3+ 41.Qe3 Rxd4 42.Qxd3 Rxd3+
43.Ke4 Rb3 44.Kd4 g6 45.Kc5 a5 46.Kb6 a4 47.Ka5 Kg7 48.Rc2 Kf6 49.Rc5 Rxb2
50.Rxb5 Rxb5+ 51.Kxb5 h5 52.gxh5 gxh5 53.Kxa4 h4  0-1

[Event "ch-CZE U20 2012"]
[Site "Kouty nad Desnou CZE"]
[Date "2012.03.16"]
[Round "10"]
[White "Bures,J"]
[Black "Kratochvil,Jo"]
[Result "1/2-1/2"]
[WhiteElo "2405"]
[BlackElo "2236"]

1.e4 c5 2.Nf3 e6 3.d4 cxd4 4.Nxd4 a6 5.Nc3 Qc7 6.Bd3 Nf6 7.O-O Bc5 8.Nb3 Be7
9.f4 d6 10.a4 Nc6 11.a5 b5 12.axb6 Qxb6+ 13.Kh1 Nd7 14.Qe2 Nb4 15.Be3 Qb8
16.Na5 Qc7 17.Ra4 Rb8 18.Rfa1 O-O 19.Qf2 Nc5 20.Bxc5 Nxd3 21.cxd3 dxc5 22.Rd1  1/2-1/2

[Event "ch-CZE U20 2012"]
[Site "Kouty nad Desnou CZE"]
[Date "2012.03.16"]
[Round "10"]
[White "Seidl,S"]
[Black "Kraus,To"]
[Result "0-1"]
[WhiteElo "2123"]
[BlackElo "2142"]

1.e4 c5 2.Nf3 a6 3.d4 cxd4 4.Nxd4 e6 5.Nc3 b5 6.Bd3 Qc7 7.O-O Nf6 8.Qe2 d6
9.f4 Bb7 10.Kh1 Nbd7 11.Bd2 Be7 12.Rae1 g6 13.e5 dxe5 14.fxe5 Nh5 15.Be4 Ng7
16.Bxb7 Qxb7 17.Ne4 O-O 18.Bh6 Rfb8 19.Nf6+ Bxf6 20.exf6 Nh5 21.Nxe6 Ndxf6
22.Nf4 Nxf4 23.Rxf4 Re8 24.Qf1 Rxe1 25.Qxe1 Re8 26.Qd1 Qd5 27.Rd4 Qh5 28.Bf4 Re2
29.Rd2 Rf2 30.Bg3 Qxd1+ 31.Rxd1 Rxc2 32.Be5 Nd5 33.h3 f6 34.Bd4 Kf7 35.a3 f5
36.Rf1 h5 37.g4 hxg4 38.hxg4 f4 39.g5 Re2 40.Rc1 Ke6 41.Rc6+ Kf5 42.Rxa6 Kxg5
43.a4 Re4 44.Rd6 Rxd4 45.axb5 f3 46.Kg1 Rd2 47.b6 f2+ 48.Kf1 Ne3+  0-1

[Event "TCh-CAT 2012"]
[Site "Catalunya ESP"]
[Date "2012.03.17"]
[Round "8.5"]
[White "Ubach Miralda,M"]
[Black "Fernandez Vicente,C"]
[Result "1-0"]
[WhiteElo "2272"]
[BlackElo "2165"]

1.e4 c5 2.Nc3 e6 3.Nf3 a6 4.d4 cxd4 5.Nxd4 Nc6 6.Be3 Qc7 7.f4 b5 8.Qf3 Bb7
9.O-O-O Rc8 10.Bd3 Nf6 11.Kb1 Na5 12.g4 d5 13.g5 Nxe4 14.Nxe4 dxe4 15.Bxe4 Bc5
16.Rhe1 Bxe4 17.Qxe4 O-O 18.Nxe6 fxe6 19.Bxc5 Qxc5 20.b4 Qf5 21.bxa5 Qxf4
22.Qxf4 Rxf4 23.Rxe6 Rf2 24.Rd7 Rf1+ 25.Kb2 Rf2 26.Rxa6 Rcxc2+ 27.Ka3 Rxa2+
28.Kb4 Rab2+ 29.Kc5 Rbc2+ 30.Kb6 Rc8 31.Raa7 Rxh2 32.Rxg7+ Kh8 33.Rgc7 Rg8
34.a6 b4 35.Rab7 b3 36.Rc5 h6 37.a7 Rg6+ 38.Kb5 Ra2 39.Rc8+ Rg8 40.Rxg8+ Kxg8
41.gxh6 Rxa7 42.Rxa7 b2 43.Rg7+  1-0

[Event "ch-Moscow Final 2012"]
[Site "Moscow RUS"]
[Date "2012.03.18"]
[Round "9"]
[White "Kozhevnikov,Ivan"]
[Black "Kachar,V"]
[Result "1/2-1/2"]
[WhiteElo "2031"]
[BlackElo "2326"]

1.e4 c5 2.Nf3 e6 3.d4 cxd4 4.Nxd4 a6 5.Nc3 Qc7 6.Bd3 b5 7.O-O Bb7 8.Be3 Nf6
9.f3 Nc6 10.Nxc6 Bxc6 11.Re1 Bd6 12.g3 h5 13.Bd4 Be5 14.Bf1 h4 15.f4 Bxd4+
16.Qxd4 hxg3 17.hxg3 Qa7 18.Qxa7 Rxa7 19.a3 Rc7 20.Bg2 g5 21.Kf2 gxf4 22.gxf4 Rg8
23.Rg1 Nh5 24.Ke3 Ke7 25.Bf3 Rxg1 26.Rxg1 Nf6 27.e5 Nd5+ 28.Bxd5 Bxd5 29.Nxd5+ exd5
30.c3 Rc4 31.Rd1 Ke6 32.Rh1 Re4+ 33.Kf3 Kf5 34.Rh5+ Kg6 35.Rg5+ Kh6 36.Rf5 Kg7
37.Rf6 Re1 38.Rxa6 Rb1 39.Rd6 Rxb2 40.Rxd7 Rb3 41.e6 Rxc3+ 42.Kg4 Kf6 43.exf7 Kg7
44.Ra7 d4 45.Kg5 d3 46.f5 Rc5 47.Rd7 Rc1 48.f8=Q+ Kxf8 49.Rxd3 Rc6 50.Rd7 Ra6
51.Rb7 Kg8 52.Rc7 Kf8 53.Rc5 Kf7 54.Rxb5 Rxa3 55.Rb7+ Kg8 56.Kg6 Rg3+ 57.Kf6 Rf3
58.Rb8+ Kh7 59.Rf8 Ra3 60.Re8 Rf3 61.Rf8 Ra3 62.Re8 Rf3 63.Re7+ Kg8 64.Rg7+ Kf8
65.Rg5 Ra3 66.Kg6 Ra6+ 67.f6 Ra1 68.Re5 Rg1+ 69.Kf5 Rf1+ 70.Ke6 Ra1 71.Rd5 Re1+
72.Kf5  1/2-1/2

[Event "TCh-SUI National A 2012"]
[Site "Switzerland SUI"]
[Date "2012.03.18"]
[Round "1.4"]
[White "Riff,JN"]
[Black "Zueger,B"]
[Result "1-0"]
[WhiteElo "2509"]
[BlackElo "2425"]

1.e4 c5 2.Nf3 e6 3.Nc3 a6 4.d4 cxd4 5.Nxd4 b5 6.Bd3 Bb7 7.O-O Nc6 8.Nxc6 Bxc6
9.Re1 Ne7 10.Bd2 Ng6 11.a4 b4 12.Nd5 a5 13.c3 bxc3 14.Bxc3 f6 15.Qh5 Kf7
16.e5 f5 17.Bxf5 Bb4 18.Rad1 exf5 19.e6+ Kg8 20.Bxb4 Bxd5 21.Rxd5 axb4 22.exd7 Qf6
23.Re8+ Kf7 24.Rxa8 Rxa8 25.Rxf5  1-0

[Event "ch-VIE Men 2012"]
[Site "Can Tho VIE"]
[Date "2012.03.19"]
[Round "1.16"]
[White "Nguyen,Hoang Duc"]
[Black "Tran Thanh Tu"]
[Result "0-1"]
[WhiteElo "1797"]
[BlackElo "2300"]

1.e4 c5 2.Nf3 e6 3.d4 cxd4 4.Nxd4 a6 5.Nc3 Qc7 6.Bd3 b5 7.a3 Bb7 8.Be3 Nf6
9.O-O Nc6 10.Nb3 Ne5 11.Bf4 d6 12.Bxe5 dxe5 13.Qd2 Be7 14.Kh1 O-O 15.Rg1 Rfd8
16.Qe2 Rac8 17.g4 g6 18.Rg3 Qb6 19.h4 Ne8 20.h5 Bg5 21.Kg2 Bf4 22.Rh3 g5
23.Qe1 Nd6 24.Ne2 Nxe4 25.f3 Nf6 26.Nxf4 exf4 27.Qe5 Rxd3 28.c3 Nxg4  0-1

[Event "13th EICC"]
[Site "Plovdiv BUL"]
[Date "2012.03.21"]
[Round "2.75"]
[White "Kovalev,Vl"]
[Black "Inarkiev,E"]
[Result "0-1"]
[WhiteElo "2477"]
[BlackElo "2695"]

1.e4 c5 2.Nf3 e6 3.d4 cxd4 4.Nxd4 a6 5.Nc3 d6 6.Be2 b5 7.Bf3 Bb7 8.e5 Bxf3
9.Qxf3 d5 10.O-O Ne7 11.Bg5 Qd7 12.Rad1 Nbc6 13.Rfe1 Rc8 14.Nxc6 Rxc6 15.a3 Rc4
16.Rd3 Qc7 17.h3 h6 18.Bc1 g5 19.Qf6 Rh7 20.Qf3 Bg7 21.b3 Rc5 22.Bb2 Ng6
23.Nxd5 Rxd5 24.Rxd5 exd5 25.e6 Nf4 26.exf7+ Kf8 27.Qe3 Qxf7 28.Qc5+ Kg8
29.Qc8+ Bf8 30.Qxa6 Qb7 31.Qf6 d4 32.f3 Qc8 33.g3 Rf7 34.Qb6 d3 35.Bd4 d2
36.Rd1 Qxc2  0-1

[Event "13th EICC"]
[Site "Plovdiv BUL"]
[Date "2012.03.21"]
[Round "2.14"]
[White "Areshchenko,A"]
[Black "Manolache,M"]
[Result "1/2-1/2"]
[WhiteElo "2688"]
[BlackElo "2561"]

1.e4 c5 2.Nf3 e6 3.d4 cxd4 4.Nxd4 a6 5.Nc3 Qc7 6.Be2 Nf6 7.O-O Be7 8.f4 d6
9.Qe1 Nbd7 10.Bf3 h5 11.Kh1 Ng4 12.a4 Ndf6 13.a5 Bd7 14.Na4 Kf8 15.Nb6 Rd8
16.c4 e5 17.Ne2 exf4 18.Bxf4 Ne5 19.Rd1 h4 20.h3 Be6 21.Nd4 Kg8 22.b4 Nxf3
23.Rxf3 Nh5 24.Bh2 Bf6 25.Nxe6 fxe6 26.Rfd3 Ng3+ 27.Bxg3 hxg3 28.Qxg3 Be5
29.Qg4 Qe7 30.c5 Rh4 31.Qe2 Qg5 32.Nc4 d5 33.Nxe5 Qxe5 34.Rf1 Qxe4 35.Qd2 Rf8
36.Rxf8+ Kxf8 37.Rf3+ Kg8 38.Qg5 Qxb4 39.Rg3 Qd4 40.Qe7 Re4 41.Qe8+  1/2-1/2

[Event "13th EICC"]
[Site "Plovdiv BUL"]
[Date "2012.03.21"]
[Round "2.138"]
[White "Senetia,T"]
[Black "Enchev,I"]
[Result "0-1"]
[WhiteElo "2188"]
[BlackElo "2432"]

1.e4 c5 2.Nf3 e6 3.d4 cxd4 4.Nxd4 a6 5.Nc3 Qc7 6.Be3 Nf6 7.Qd2 Bb4 8.f3 d5
9.exd5 Nxd5 10.Nde2 Nxe3 11.Qxe3 O-O 12.O-O-O Nd7 13.Ne4 b5 14.Qf4 e5 15.Nf6+ Nxf6
16.Qxb4 Bf5 17.Nc3 Rfc8 18.g4 Be6 19.Bd3 a5 20.Qxb5 Rab8 21.Qa4 Rb4 22.Qa3 Rcb8
23.g5 Nh5 24.Be4 Nf4 25.Rd2 Rxb2 26.Qxb2 Rxb2 27.Kxb2 g6 28.a3 Qb6+ 29.Ka1 Qe3
30.Rd8+ Kg7 31.Nb1 Qc5 32.Rb8 Nh3 33.Rd1 Nxg5 34.Kb2 f5 35.Ba8 e4 36.f4 Nh3
37.Nc3 Nxf4 38.Rb5 Qc4 39.Rxa5 Nd3+ 40.Rxd3 exd3 41.Ra4 Qc7 42.cxd3 Qb8+
43.Kc1 Qb3 44.Ra7+ Kh6 45.Nb1 Qb8 46.Ra4 Bd7 47.Rh4+ Kg5  0-1

[Event "13th EICC"]
[Site "Plovdiv BUL"]
[Date "2012.03.23"]
[Round "4.61"]
[White "Nedev,Tr"]
[Black "Pantsulaia,L"]
[Result "0-1"]
[WhiteElo "2492"]
[BlackElo "2595"]

1.e4 c5 2.Nf3 e6 3.d4 cxd4 4.Nxd4 a6 5.Nc3 b5 6.Bd3 Qb6 7.Nf3 Qc7 8.O-O Nc6
9.Re1 d6 10.a4 b4 11.Na2 Nf6 12.Bd2 Qb8 13.c3 bxc3 14.Bxc3 Be7 15.b4 O-O
16.b5 axb5 17.axb5 Ne5 18.Nxe5 dxe5 19.Nb4 Bb7 20.Na6 Qd6 21.Ba5 Rfc8 22.Qe2 Bd8
23.Bb4 Qd4 24.Qe3 Qxe3 25.Rxe3 Bb6 26.Re2 Rd8 27.Bc2 Rac8 28.Ba3 Ng4 29.Rf1 Nxf2  0-1

[Event "13th EICC"]
[Site "Plovdiv BUL"]
[Date "2012.03.24"]
[Round "5.103"]
[White "Nestorovic,L"]
[Black "Neverov,V"]
[Result "0-1"]
[WhiteElo "2374"]
[BlackElo "2544"]

1.e4 c5 2.Nf3 e6 3.d4 cxd4 4.Nxd4 a6 5.Nc3 Qc7 6.Bd3 Nc6 7.Nxc6 bxc6 8.O-O Nf6
9.b3 d5 10.Bb2 Bd6 11.h3 O-O 12.Qe2 e5 13.Rad1 Bb7 14.Na4 Rad8 15.Rfe1 Rfe8
16.exd5 cxd5 17.Bxa6 Bxa6 18.Qxa6 Qxc2 19.Rc1 Qf5 20.Rc6 Bb8 21.Nc5 d4 22.Nb7 Rc8
23.Rec1 Rxc6 24.Qxc6 h5 25.a4 h4 26.a5 Qf4 27.a6 e4 28.Bxd4 Re6 29.Qc8+ Re8
30.Qc6 Re6 31.Qc8+ Kh7 32.a7 Qh2+ 33.Kf1 Bxa7 34.Bxa7 Nd5 35.Qc5 e3 36.fxe3 Rf6+
37.Ke2 Qxg2+ 38.Kd3 Qg6+ 39.Kd4 Rf5 40.Nd6 Qf6+ 41.Kc4 Re5 42.e4 Nf4 43.Qc6 Qe6+
44.Kc3 Ne2+ 45.Kd2 Nxc1 46.Kxc1 Qxh3 47.Bd4 Rg5 48.Kb2 Qd3 49.Bc3 Rg6 50.e5 h3
51.Qc8 h2 52.Nxf7 Qe2+ 53.Ka3 Qa6+  0-1

[Event "ch-Urals Men 2012"]
[Site "Satka RUS"]
[Date "2012.03.24"]
[Round "1"]
[White "Bezgodov,A"]
[Black "Lobov,D"]
[Result "1-0"]
[WhiteElo "2503"]
[BlackElo "2143"]

1.e4 c5 2.Nf3 e6 3.d4 cxd4 4.Nxd4 a6 5.Nc3 Qc7 6.Be2 Nf6 7.O-O Be7 8.f4 d6
9.Be3 Nc6 10.Qe1 Na5 11.Rd1 Nc4 12.Bc1 e5 13.fxe5 dxe5 14.Rxf6 gxf6 15.Nd5 Qd8
16.Bxc4 exd4 17.Qg3 Qd6 18.Nc7+ Kd8 19.Qxd6+ Bxd6 20.Nxa8  1-0

[Event "13th EICC"]
[Site "Plovdiv BUL"]
[Date "2012.03.28"]
[Round "8.104"]
[White "Nedev,Tr"]
[Black "Sanal,V"]
[Result "1-0"]
[WhiteElo "2492"]
[BlackElo "2286"]

1.e4 c5 2.Nf3 e6 3.Nc3 a6 4.d4 cxd4 5.Nxd4 Qc7 6.Bd3 Bc5 7.Nb3 Be7 8.O-O d6
9.f4 Nd7 10.Bd2 Ngf6 11.Qe2 b5 12.Rae1 b4 13.Nd1 Bb7 14.Nf2 a5 15.Nd4 O-O
16.e5 dxe5 17.fxe5 Nd5 18.Kh1 Qb6 19.Qg4 g6 20.Nf3 Nc5 21.Ng5 Nxd3 22.cxd3 h6
23.Nf3 h5 24.Qg3 Rac8 25.Ne4 Ba6 26.Nfg5 Rcd8 27.Rf3 Bb5 28.Ref1 Be8 29.Qh3 Qd4
30.Nxe6 Qxe5 31.Nxd8 Bxd8 32.Bh6 Qe7 33.Bxf8 Qxf8 34.Qe6  1-0

[Event "European Senior Teams 2012"]
[Site "Rogaska Slatina SLO"]
[Date "2012.03.28"]
[Round "2.22"]
[White "Van Geffen,B"]
[Black "Patola,E"]
[Result "1/2-1/2"]
[WhiteElo "2113"]
[BlackElo "1930"]

1.e4 c5 2.Nf3 e6 3.d4 cxd4 4.Nxd4 a6 5.Nc3 Qc7 6.f4 Bb4 7.Bd2 Bxc3 8.bxc3 Nf6
9.Bd3 d6 10.O-O b5 11.Qe2 Nbd7 12.a4 bxa4 13.Rxa4 Bb7 14.Rc4 Nc5 15.Nb3 a5
16.Nxc5 dxc5 17.Ra4 O-O 18.e5 Nd7 19.c4 Bc6 20.Ra3 Rfe8 21.Rfa1 a4 22.Be3 Qd8
23.Qh5 g6 24.Qh6 Qe7 25.Bf2 Qf8 26.Qg5 Qe7 27.Qh6 Qf8 28.Qg5  1/2-1/2

[Event "13th EICC"]
[Site "Plovdiv BUL"]
[Date "2012.03.29"]
[Round "9.112"]
[White "Abdulov,Or"]
[Black "Filip,L"]
[Result "0-1"]
[WhiteElo "2387"]
[BlackElo "2483"]

1.e4 c5 2.Nf3 e6 3.d4 cxd4 4.Nxd4 a6 5.Nc3 Qc7 6.Be2 b5 7.a3 Bb7 8.O-O Nf6
9.Qd3 Nc6 10.Nxc6 Bxc6 11.f4 Be7 12.Bf3 d6 13.e5 dxe5 14.fxe5 Nd7 15.Bf4 O-O
16.Bxc6 Qxc6 17.Qg3 f5 18.exf6 Rxf6 19.Be3 Rg6 20.Qh3 Ne5 21.Rae1 Bxa3 22.Bd4 Bc5
23.Bxc5 Qxc5+ 24.Kh1 Rf8 25.Qh4 h6 26.h3 Rg5 27.Qe4 Rxf1+ 28.Rxf1 Qc6 29.Ra1 b4
30.Qxc6 Nxc6 31.Ne4 Re5 32.Rxa6 Nd4 33.c3 Rxe4 34.cxd4 Kf7 35.Ra7+ Kf6 36.Rd7 Re2
37.d5 exd5 38.Rxd5 Rxb2 39.Rd6+ Kf5 40.Rd7 g6 41.Rd8 Kf4 42.Rd6 Kf5 43.Rd5+ Ke6
44.Rb5 h5 45.h4 b3 46.Kh2 Kd6 47.Rb6+ Kc5 48.Rb8 Rb1 49.Rb7 Kc4 50.Rc7+ Kd3
51.Rb7 Kc3 52.Rc7+ Kb2 53.Rc6 Rc1 54.Rxg6 Rc4 55.g4 Kc3  0-1

[Event "13th EICC"]
[Site "Plovdiv BUL"]
[Date "2012.03.30"]
[Round "10.69"]
[White "Firat,B"]
[Black "Papin,V"]
[Result "0-1"]
[WhiteElo "2405"]
[BlackElo "2575"]

1.e4 c5 2.Nf3 e6 3.d4 cxd4 4.Nxd4 a6 5.Nc3 b5 6.Bd3 Qb6 7.Nf3 Qc7 8.O-O Bb7
9.Re1 Be7 10.e5 f5 11.a4 b4 12.Nb1 Nh6 13.Nbd2 Nf7 14.Nc4 Nc6 15.a5 O-O 16.Bf1 Bc5
17.Be3 Bxe3 18.Rxe3 Ne7 19.Re1 Ng6 20.Qe2 Rab8 21.Nd4 Nf4 22.Qd2 Nxg2 23.Bxg2 Bxg2
24.Kxg2 Qxc4 25.f4 Rfc8 26.Re3 d6 27.exd6 Nxd6 28.Re5 Ne4 29.Qd3 Qxd3 30.cxd3 Nc5
31.Kf3 Nxd3 32.Rxe6 Nxb2 33.Rxa6 b3 34.Rb6 Nc4  0-1

[Event "13th EICC"]
[Site "Plovdiv BUL"]
[Date "2012.03.30"]
[Round "10.115"]
[White "Pancevski,F"]
[Black "Grandadam,N"]
[Result "1-0"]
[WhiteElo "2470"]
[BlackElo "2361"]

1.e4 c5 2.Nf3 e6 3.Nc3 a6 4.d4 cxd4 5.Nxd4 Qc7 6.Bd3 Bc5 7.Nb3 Be7 8.O-O Nf6
9.f4 d6 10.Qf3 Nc6 11.Bd2 Nd7 12.Rae1 Bf6 13.e5 dxe5 14.f5 Nc5 15.Nxc5 Nd4
16.Qf2 Qxc5 17.Ne4 Qe7 18.fxe6 Bxe6 19.Nxf6+ gxf6 20.Qxf6 Qxf6 21.Rxf6 O-O-O
22.Bc3 Nc6 23.a4 Rd5 24.Rh6 b5 25.axb5 axb5 26.Be4 Rc5 27.Bxc6 Rxc6 28.Rxe5 b4
29.Rexe6  1-0

[Event "13th EICC"]
[Site "Plovdiv BUL"]
[Date "2012.03.30"]
[Round "10.64"]
[White "Djukic,Ni"]
[Black "Shimanov,A"]
[Result "1-0"]
[WhiteElo "2513"]
[BlackElo "2591"]

1.e4 c5 2.Nf3 e6 3.d4 cxd4 4.Nxd4 a6 5.Nc3 b5 6.Bd3 Qb6 7.Nb3 Qc7 8.Qe2 Bb7
9.O-O b4 10.Nd1 Nf6 11.f4 a5 12.Kh1 d6 13.Nd4 Nc6 14.Nb5 Qb8 15.Be3 Nd7 16.f5 e5
17.Bf2 Be7 18.Ne3 O-O 19.Nd5 Bd8 20.Rad1 Ne7 21.f6 Nxf6 22.Nxf6+ gxf6 23.Bh4 Ng6
24.Bxf6 Ra6 25.Bxd8 Qxd8 26.Nd4 Rb6 27.Nf5 Kh8 28.Qg4 Bc8 29.Bc4 Rc6 30.b3 Be6
31.Rd3 Qf6 32.Qd1 Bxc4 33.bxc4 Qe6 34.Rh3 Qxc4 35.Re1 Qxc2 36.Rxh7+  1-0

[Event "13th EICC"]
[Site "Plovdiv BUL"]
[Date "2012.03.30"]
[Round "10.90"]
[White "Ivanov,Al3"]
[Black "Grandelius,N"]
[Result "0-1"]
[WhiteElo "2424"]
[BlackElo "2545"]

1.e4 c5 2.Nf3 e6 3.d4 cxd4 4.Nxd4 a6 5.Nc3 b5 6.Bd3 Qb6 7.Be3 Bc5 8.Nce2 Nf6
9.Qd2 Nc6 10.c3 b4 11.Nxc6 bxc3 12.Nxc3 Bxe3 13.Qxe3 Qxe3+ 14.fxe3 dxc6 15.Na4 Ke7
16.Rc1 Rb8 17.Rxc6 Rd8 18.Rc3 Bd7 19.Rc7 Kd6 20.Rc4 Bxa4 21.Rxa4 Rxb2 22.Rd4+ Ke7
23.O-O Rxa2 24.Rb1 Ng4 25.h3 Ne5 26.Bf1 Rc8 27.Rbd1 Rcc2 28.Ra1 a5  0-1